Statistics for All Taylor Swift Songs

Click here to take the quiz!

General Stats

  • This quiz has been taken 22 times
  • The average score is 159 of 204

Answer Stats

Answer% Correct
Cruel Summer
100%
Fearless
100%
Lover
100%
ME!
100%
Ours
100%
Our Song
100%
Red
100%
22
94%
Anti-Hero
94%
Blank Space
94%
cardigan
94%
champagne problems
94%
Cornelia Street
94%
Delicate
94%
evermore
94%
Karma
94%
Long Live
94%
Mine
94%
Picture To Burn
94%
Speak Now
94%
Teardrops On My Guitar
94%
the 1
94%
Tim McGraw
94%
willow
94%
All Too Well
89%
august
89%
Back To December
89%
Bad Blood
89%
Better Than Revenge
89%
betty
89%
End Game
89%
exile
89%
Gorgeous
89%
Haunted
89%
I Knew You Were Trouble
89%
illicit affairs
89%
Invisible
89%
ivy
89%
Last Kiss
89%
Lavender Haze
89%
Love Story
89%
marjorie
89%
Mastermind
89%
Mean
89%
Midnight Rain
89%
Never Grow Up
89%
New Year's Day
89%
Shake It Off
89%
Snow On The Beach
89%
Stay Stay Stay
89%
Style
89%
The Archer
89%
The Last Time
89%
The Man
89%
The Way I Loved You
89%
We Are Never Ever Getting Back Together
89%
Welcome To New York
89%
You Belong With Me
89%
You Need To Calm Down
89%
Afterglow
83%
All You Had To Do Was Stay
83%
Bejeweled
83%
Clean
83%
coney island
83%
Daylight
83%
Dear John
83%
Death By A Thousand Cuts
83%
Don't Blame Me
83%
Dress
83%
Getaway Car
83%
Glitch
83%
gold rush
83%
Holy Ground
83%
I Did Something Bad
83%
invisible string
83%
Look What You Made Me Do
83%
Maroon
83%
mirrorball
83%
Miss Americana & The Heartbreak Prince
83%
Mr. Perfectly Fine
83%
my tears ricochet
83%
New Romantics
83%
no body, no crime
83%
Out Of The Woods
83%
Paper Rings
83%
...Ready For It?
83%
Ronan
83%
Should've Said No
83%
Sparks Fly
83%
State Of Grace
83%
The Story Of Us
83%
This Love
83%
Vigilante Shit
83%
Wildest Dreams
83%
You Are In Love
83%
Better Man
78%
dorothea
78%
Enchanted
78%
epiphany
78%
Everything Has Changed
78%
Fifteen
78%
Hey Stephen
78%
How You Get The Girl
78%
I Bet You Think About Me
78%
I Know Places
78%
Innocent
78%
I Wish You Would
78%
Labyrinth
78%
London Boy
78%
Paris
78%
right where you left me
78%
Run
78%
seven
78%
Starlight
78%
Superman
78%
The Great War
78%
the lakes
78%
the last great american dynasty
78%
The Other Side Of The Door
78%
this is me trying
78%
tolerate it
78%
White Horse
78%
Wonderland
78%
Would've, Could've, Should've
78%
You're On Your Own, Kid
78%
All Of The Girls You Loved Before
72%
Babe
72%
Begin Again
72%
Bigger Than The Whole Sky
72%
Breathe
72%
closure
72%
Cold As You
72%
cowboy like me
72%
Dancing With Our Hands Tied
72%
Dear Reader
72%
False God
72%
Forever & Always
72%
Forever Winter
72%
Girl At Home
72%
happiness
72%
High Infidelity
72%
Hits Different
72%
I Almost Do
72%
I Don't Wanna Live Forever
72%
I Forgot That You Existed
72%
It's Nice To Have A Friend
72%
it's time to go
72%
Message In A Bottle
72%
Nothing New
72%
peace
72%
Question...?
72%
Sad Beautiful Tragic
72%
So It Goes...
72%
Soon You'll Get Better
72%
The Best Day
72%
The Lucky One
72%
The Moment I Knew
72%
This Is Why We Can't Have Nice Things
72%
'tis the damn season
72%
Treacherous
72%
You're Losing Me
72%
You're Not Sorry
72%
Bye Bye Baby
67%
Call It What You Want
67%
Change
67%
Christmas Tree Farm
67%
Come Back...Be Here
67%
Eyes Open
67%
hoax
67%
If This Was A Movie
67%
I Think He Knows
67%
long story short
67%
Safe & Sound
67%
Stay Beautiful
67%
Sweet Nothing
67%
That's When
67%
The Very First Night
67%
Today Was A Fairytale
67%
A Place In This World
61%
Don't You
61%
King Of My Heart
61%
mad woman
61%
Mary's Song (Oh My My My)
61%
Superstar
61%
Tell Me Why
61%
The Outside
61%
Tied Together With A Smile
61%
We Were Happy
61%
You All Over Me
61%
Come In With The Rain
56%
Crazier
56%
I'm Only Me When I'm With You
56%
Jump Then Fall
56%
Untouchable
56%
A Perfectly Good Heart
50%
Beautiful Ghosts
50%
Carolina
50%
The Joker And The Queen
50%
Macavity
44%
Only The Young
44%
Renegade
39%
Beautiful Eyes
33%
Sweeter Than Fiction
33%
I Heart ?
28%

Score Distribution

Percentile by Number Answered

Percent of People with Each Score

Your Score History

You have not taken this quiz